Euroopan 10 tiheimmin asutettua valtiota - Statistics

Yleistilastot
  • Tätä visaa on pelattu 1 228 kertaa
  • Keskiarvotulos 8 / 10
Vastaustilastot
Asukastiheys Valtio % Oikein
17 822 Monaco
92%
2 273 Vatikaanivaltio
90%
253 Luxemburg
89%
557 San Marino
88%
250 Liechtenstein
85%
425 Alankomaat
82%
233 Saksa
82%
383 Belgia
81%
1 693 Malta
77%
282 Yhdistynyt kuningaskunta
71%
Ehtoja vastaavia visoja ei löytynyt
Tulosjakauma
Jokaisen tuloksen saaneiden osuus
Persentiili vastausten määrän mukaan
Tuloshistoriasi
Et ole pelannut tätä visaa